000 01882cam a2200457 4500
001 ABS68038
008 040715n2004 000 0 eng u
035 _a(Sirsi) u126800
245 _aFocus: residential
260 _c2004
490 _aEstates Gazette
_v(0418) 10 July 2004, 115-135(7)
520 _aGroup of three articles on aspects of the residential market in the UK and abroad. "Tangled up in red tape" reports on how a raft of current and forthcoming legislation on Stamp Duty Land Tax, money laundering and home information packs is increasing estate agents' workloads. "Homes off the peg" describes how Barratt Homes has started marketing prefabricated homes to address the housing shortage in the UK. "Same song different notes" sees residential markets in a number of countries manifesting the same problems and dealing with the same issues as in the UK. Concludes that across much of the world, although personal borrowing for home ownership is rising and property prices are rising in a more sustained manner than before, stable economic conditions will prevent markets overheating.
590 _aABS
590 _aABS
650 _aMONEY LAUNDERING
650 _aHOME INFORMATION PACKS
650 _aSTAMP DUTY LAND TAX
650 _aESTATE AGENTS
650 _aPREFABRICATED HOMES
650 _aOFF-SITE MANUFACTURING
650 _aNEW ZEALAND
650 _aAUSTRALIA
650 _aDUBAI
650 _aSINGAPORE
650 _aREPUBLIC OF SOUTH AFRICA
650 _aAUSTRIA
650 _aDENMARK
650 _aGERMANY
650 _aSWITZERLAND
650 _aSPAIN
650 _aFRANCE
650 _aSWEDEN
650 _aITALY
650 _aUNITED STATES
650 _aCHINA
650 _aRESIDENTIAL MARKET
650 _aHONG KONG
650 _aRESIDENTIAL INVESTMENT
690 _aHOUSING-MARKET
942 _n0
999 _c117713
_d117713